[Event "DVM U10 2023"]
[Site "Magdeburg GER"]
[Date "2023.12.28"]
[Round "4"]
[White "Cetinalp, Poyraz"]
[Black "Danisch, Bennett Laif"]
[Result "0-1"]
[Termination "normal"]
[Board "6.3"]
[WhiteElo "1171"]
[BlackElo "947"]
[WhiteClock "00:15:36"]
[BlackClock "00:42:34"]
[WhiteTeam "SV Dresden-Striesen 1990"]
[BlackTeam "Schachzentrum Bemerode"]
[PlyCount "114"]
[WhiteFideId "34671340"]
[BlackFideId "34686118"]
[EventCountry "GER"]
[EventRounds "7"]
[EventType "team-swiss"]
[EventDate "2023.12.27"]

1. e4 {[%clk 00:55:09]} e5 {[%clk 00:55:08]} {[%emt 00:00:02]} 2. Nf3 {[%clk
00:55:10]} {[%emt 00:00:04]} Nc6 {[%clk 00:55:08]} {[%emt 00:00:05]} 3. Bb5
{[%clk 00:55:11]} {[%emt 00:00:05]} Nf6 {[%clk 00:55:06]} {[%emt 00:00:06]} 4.
Nc3 {[%clk 00:55:11]} {[%emt 00:00:05]} d6 {[%clk 00:55:03]} {[%emt 00:00:08]}
5. O-O {[%clk 00:55:07]} {[%emt 00:00:10]} Be7 {[%clk 00:55:01]} {[%emt
00:00:07]} 6. b3 {[%clk 00:54:36]} {[%emt 00:00:36]} O-O {[%clk 00:54:59]}
{[%emt 00:00:07]} 7. d4 {[%clk 00:53:54]} {[%emt 00:00:47]} Bg4 {[%clk
00:54:48]} {[%emt 00:00:16]} 8. Be2 {[%clk 00:53:09]} {[%emt 00:00:49]} Bxf3
{[%clk 00:54:36]} {[%emt 00:00:16]} 9. Bxf3 {[%clk 00:53:03]} {[%emt 00:00:12]}
Nxd4 {[%clk 00:54:35]} {[%emt 00:00:05]} 10. Ne2 {[%clk 00:52:32]} {[%emt
00:00:36]} Nxf3+ {[%clk 00:54:32]} {[%emt 00:00:09]} 11. gxf3 {[%clk 00:52:14]}
{[%emt 00:00:24]} Qd7 {[%clk 00:54:15]} {[%emt 00:00:22]} 12. Kh1 {[%clk
00:51:57]} {[%emt 00:00:18]} Qh3 {[%clk 00:53:39]} {[%emt 00:00:44]} 13. Ng3
{[%clk 00:50:10]} {[%emt 00:01:46]} Nh5 {[%clk 00:53:26]} {[%emt 00:00:24]} 14.
Rg1 {[%clk 00:48:20]} {[%emt 00:01:53]} Nxg3+ {[%clk 00:52:45]} {[%emt
00:00:48]} 15. Rxg3 {[%clk 00:48:09]} {[%emt 00:00:16]} Qh4 {[%clk 00:52:31]}
{[%emt 00:00:19]} 16. Qf1 {[%clk 00:46:09]} {[%emt 00:02:03]} g6 {[%clk
00:52:18]} {[%emt 00:00:20]} 17. Rh3 {[%clk 00:45:50]} {[%emt 00:00:23]} Qf6
{[%clk 00:52:04]} {[%emt 00:00:19]} 18. Qg2 {[%clk 00:44:34]} {[%emt 00:01:21]}
Qe6 {[%clk 00:51:18]} {[%emt 00:00:52]} 19. Bd2 {[%clk 00:42:48]} {[%emt
00:01:52]} Rad8 {[%clk 00:51:04]} {[%emt 00:00:18]} 20. Rg1 {[%clk 00:40:38]}
{[%emt 00:02:11]} d5 {[%clk 00:50:26]} {[%emt 00:00:47]} 21. Bc1 {[%clk
00:39:28]} {[%emt 00:01:08]} Rd7 {[%clk 00:49:35]} {[%emt 00:01:03]} 22. f4
{[%clk 00:35:13]} {[%emt 00:04:21]} dxe4 {[%clk 00:49:19]} {[%emt 00:00:20]}
23. Rg3 {[%clk 00:33:31]} {[%emt 00:01:41]} exf4 {[%clk 00:48:16]} {[%emt
00:01:14]} 24. Bxf4 {[%clk 00:31:50]} {[%emt 00:01:47]} Bd6 {[%clk 00:47:45]}
{[%emt 00:00:35]} 25. Bxd6 {[%clk 00:31:31]} {[%emt 00:00:24]} Rxd6 {[%clk
00:47:43]} {[%emt 00:00:06]} 26. Rg4 {[%clk 00:31:08]} {[%emt 00:00:25]} e3
{[%clk 00:46:59]} {[%emt 00:00:53]} 27. fxe3 {[%clk 00:30:44]} {[%emt
00:00:29]} Qxe3 {[%clk 00:46:41]} {[%emt 00:00:22]} 28. Rg3 {[%clk 00:30:21]}
{[%emt 00:00:29]} Qb6 {[%clk 00:46:21]} {[%emt 00:00:25]} 29. Qh3 {[%clk
00:29:49]} {[%emt 00:00:32]} Qc6+ {[%clk 00:46:10]} {[%emt 00:00:20]} 30. R3g2
{[%clk 00:29:07]} {[%emt 00:00:47]} Rfd8 {[%clk 00:45:49]} {[%emt 00:00:27]}
31. Qh6 {[%clk 00:27:33]} {[%emt 00:01:40]} Rd1 {[%clk 00:45:33]} {[%emt
00:00:21]} 32. h3 {[%clk 00:22:56]} {[%emt 00:04:35]} R8d2 {[%clk 00:45:13]}
{[%emt 00:00:28]} 33. Kh2 {[%clk 00:19:34]} {[%emt 00:03:31]} Rxg1 {[%clk
00:45:11]} {[%emt 00:00:06]} 34. Qxd2 {[%clk 00:19:02]} {[%emt 00:00:37]} Rxg2+
{[%clk 00:45:03]} {[%emt 00:00:13]} 35. Qxg2 {[%clk 00:19:02]} {[%emt
00:00:06]} Qxg2+ {[%clk 00:45:00]} {[%emt 00:00:07]} 36. Kxg2 {[%clk 00:19:05]}
{[%emt 00:00:02]} f5 {[%clk 00:44:59]} {[%emt 00:00:06]} 37. Kg3 {[%clk
00:19:05]} {[%emt 00:00:06]} Kf7 {[%clk 00:44:55]} {[%emt 00:00:08]} 38. Kf4
{[%clk 00:18:59]} {[%emt 00:00:10]} Kf6 {[%clk 00:44:47]} {[%emt 00:00:14]} 39.
h4 {[%clk 00:18:39]} {[%emt 00:00:26]} h6 {[%clk 00:44:41]} {[%emt 00:00:10]}
40. c4 {[%clk 00:17:53]} {[%emt 00:00:52]} g5+ {[%clk 00:44:34]} {[%emt
00:00:12]} 41. hxg5+ {[%clk 00:17:43]} {[%emt 00:00:15]} hxg5+ {[%clk
00:44:26]} {[%emt 00:00:12]} 42. Kg3 {[%clk 00:17:41]} {[%emt 00:00:07]} Ke5
{[%clk 00:44:19]} {[%emt 00:00:12]} 43. Kf3 {[%clk 00:17:13]} {[%emt 00:00:33]}
g4+ {[%clk 00:44:15]} {[%emt 00:00:09]} 44. Ke3 {[%clk 00:17:07]} {[%emt
00:00:11]} f4+ {[%clk 00:44:11]} {[%emt 00:00:08]} 45. Kf2 {[%clk 00:16:59]}
{[%emt 00:00:15]} Ke4 {[%clk 00:43:59]} {[%emt 00:00:16]} 46. Kg2 {[%clk
00:16:56]} {[%emt 00:00:08]} Ke3 {[%clk 00:43:48]} {[%emt 00:00:16]} 47. a4
{[%clk 00:16:55]} {[%emt 00:00:07]} Ke2 {[%clk 00:43:43]} {[%emt 00:00:09]} 48.
a5 {[%clk 00:16:49]} {[%emt 00:00:12]} f3 {[%clk 00:43:43]} {[%emt 00:00:04]}
49. Kg3 {[%clk 00:16:39]} {[%emt 00:00:16]} f2 {[%clk 00:43:40]} {[%emt
00:00:07]} 50. a6 {[%clk 00:16:38]} {[%emt 00:00:07]} bxa6 {[%clk 00:43:39]}
{[%emt 00:00:06]} 51. b4 {[%clk 00:16:35]} {[%emt 00:00:08]} f1=Q {[%clk
00:43:30]} {[%emt 00:00:12]} 52. b5 {[%clk 00:16:37]} {[%emt 00:00:05]} Qf3+
{[%clk 00:43:13]} {[%emt 00:00:22]} 53. Kh4 {[%clk 00:16:23]} {[%emt 00:00:18]}
g3 {[%clk 00:43:03]} {[%emt 00:00:16]} 54. b6 {[%clk 00:16:10]} {[%emt
00:00:19]} cxb6 {[%clk 00:43:01]} {[%emt 00:00:06]} 55. c5 {[%clk 00:16:11]}
{[%emt 00:00:04]} g2 {[%clk 00:42:43]} {[%emt 00:00:22]} 56. cxb6 {[%clk
00:16:12]} {[%emt 00:00:06]} g1=R {[%clk 00:42:34]} {[%emt 00:00:12]} 57. b7
{[%clk 00:15:36]} {[%emt 00:00:42]} Qh1# {[%emt 00:00:36]} 0-1

[Event "DVM U10 2023"]
[Site "Magdeburg GER"]
[Date "2023.12.28"]
[Round "4"]
[White "Berger, Friedrich Richard"]
[Black "Zussner, Tim"]
[Result "0-1"]
[Termination "normal"]
[Board "7.1"]
[WhiteElo "1496"]
[BlackElo "1275"]
[WhiteClock "00:05:31"]
[BlackClock "00:09:20"]
[WhiteTeam "TSG Oberschöneweide"]
[BlackTeam "SV Empor Berlin"]
[PlyCount "88"]
[WhiteFideId "34663169"]
[BlackFideId "34642765"]
[EventCountry "GER"]
[EventRounds "7"]
[EventType "team-swiss"]
[EventDate "2023.12.27"]

1. e4 {[%clk 00:55:09]} c5 {[%clk 00:55:06]} {[%emt 00:00:04]} 2. d4 {[%clk
00:55:10]} {[%emt 00:00:05]} cxd4 {[%clk 00:55:08]} {[%emt 00:00:03]} 3. c3
{[%clk 00:55:11]} {[%emt 00:00:04]} d5 {[%clk 00:55:07]} {[%emt 00:00:06]} 4.
exd5 {[%clk 00:54:38]} {[%emt 00:00:38]} Qxd5 {[%clk 00:54:53]} {[%emt
00:00:18]} 5. Nf3 {[%clk 00:54:33]} {[%emt 00:00:11]} Nc6 {[%clk 00:54:32]}
{[%emt 00:00:26]} 6. cxd4 {[%clk 00:53:17]} {[%emt 00:01:21]} Bg4 {[%clk
00:52:50]} {[%emt 00:01:47]} 7. Be3 {[%clk 00:52:23]} {[%emt 00:00:59]} Bxf3
{[%clk 00:50:11]} {[%emt 00:02:43]} 8. gxf3 {[%clk 00:52:18]} {[%emt 00:00:10]}
Nf6 {[%clk 00:49:33]} {[%emt 00:00:43]} 9. Nc3 {[%clk 00:51:37]} {[%emt
00:00:47]} Qd7 {[%clk 00:48:16]} {[%emt 00:01:22]} 10. Qd2 {[%clk 00:48:04]}
{[%emt 00:03:38]} e6 {[%clk 00:44:57]} {[%emt 00:03:23]} 11. Bh3 {[%clk
00:43:30]} {[%emt 00:04:39]} Be7 {[%clk 00:44:03]} {[%emt 00:00:59]} 12. O-O-O
{[%clk 00:42:42]} {[%emt 00:00:53]} O-O {[%clk 00:42:14]} {[%emt 00:01:54]} 13.
Rhg1 {[%clk 00:42:00]} {[%emt 00:00:47]} Kh8 {[%clk 00:37:09]} {[%emt
00:05:10]} 14. Bf1 {[%clk 00:35:33]} {[%emt 00:06:31]} Rg8 {[%clk 00:29:48]}
{[%emt 00:07:27]} 15. Rg3 {[%clk 00:29:02]} {[%emt 00:06:37]} Bd6 {[%clk
00:26:39]} {[%emt 00:03:14]} 16. Rh3 {[%clk 00:27:50]} {[%emt 00:01:16]} Ne7
{[%clk 00:24:44]} {[%emt 00:02:01]} 17. Bd3 {[%clk 00:24:17]} {[%emt 00:03:38]}
Ng6 {[%clk 00:24:10]} {[%emt 00:00:38]} 18. Bxg6 {[%clk 00:23:55]} {[%emt
00:00:27]} fxg6 {[%clk 00:24:09]} {[%emt 00:00:06]} 19. Qd3 {[%clk 00:22:56]}
{[%emt 00:01:04]} Nh5 {[%clk 00:20:07]} {[%emt 00:04:07]} 20. Rg1 {[%clk
00:21:31]} {[%emt 00:01:30]} Qf7 {[%clk 00:18:08]} {[%emt 00:02:05]} 21. Ne4
{[%clk 00:20:23]} {[%emt 00:01:12]} Nf4 {[%clk 00:15:27]} {[%emt 00:02:46]} 22.
Ng5 {[%clk 00:17:41]} {[%emt 00:02:48]} Nxd3+ {[%clk 00:15:26]} {[%emt
00:00:06]} 23. Kb1 {[%clk 00:17:09]} {[%emt 00:00:37]} Rgf8 {[%clk 00:14:21]}
{[%emt 00:01:10]} 24. Nxf7+ {[%clk 00:14:45]} {[%emt 00:02:27]} Rxf7 {[%clk
00:14:20]} {[%emt 00:00:07]} 25. Rxg6 {[%clk 00:14:20]} {[%emt 00:00:30]} Rxf3
{[%clk 00:13:41]} {[%emt 00:00:44]} 26. Rxf3 {[%clk 00:13:33]} {[%emt
00:00:52]} hxg6 {[%clk 00:13:42]} {[%emt 00:00:04]} 27. a3 {[%clk 00:12:08]}
{[%emt 00:01:31]} e5 {[%clk 00:12:55]} {[%emt 00:00:53]} 28. Rf7 {[%clk
00:10:59]} {[%emt 00:01:13]} b6 {[%clk 00:12:14]} {[%emt 00:00:45]} 29. Rd7
{[%clk 00:10:20]} {[%emt 00:00:44]} Bf8 {[%emt 00:01:07]} 30. Kc2 {[%clk
00:09:16]} {[%emt 00:01:08]} exd4 {[%clk 00:10:46]} {[%emt 00:00:33]} 31. Bxd4
{[%emt 00:01:25]} Ne1+ {[%clk 00:10:15]} {[%emt 00:00:12]} 32. Kb3 {[%clk
00:07:32]} {[%emt 00:00:52]} Nf3 {[%clk 00:10:14]} {[%emt 00:00:07]} 33. h3
{[%clk 00:06:20]} {[%emt 00:01:17]} Nxd4+ {[%clk 00:09:59]} {[%emt 00:00:19]}
34. Rxd4 {[%clk 00:06:16]} {[%emt 00:00:09]} Bc5 {[%clk 00:09:51]} {[%emt
00:00:13]} 35. Rf4 {[%clk 00:06:06]} {[%emt 00:00:15]} Kg8 {[%clk 00:09:46]}
{[%emt 00:00:11]} 36. Kc4 {[%clk 00:06:00]} {[%emt 00:00:11]} Rf8 {[%clk
00:09:44]} {[%emt 00:00:08]} 37. Rxf8+ {[%clk 00:05:57]} {[%emt 00:00:07]} Kxf8
{[%clk 00:09:44]} {[%emt 00:00:05]} 38. Kb5 {[%clk 00:05:44]} {[%emt 00:00:18]}
Bxf2 {[%clk 00:09:41]} {[%emt 00:00:08]} 39. Ka6 {[%clk 00:05:43]} {[%emt
00:00:06]} Bd4 {[%clk 00:09:39]} {[%emt 00:00:07]} 40. b3 {[%clk 00:05:42]}
{[%emt 00:00:06]} Bb2 {[%clk 00:09:32]} {[%emt 00:00:11]} 41. a4 {[%clk
00:05:43]} {[%emt 00:00:04]} Bd4 {[%clk 00:09:27]} {[%emt 00:00:10]} 42. b4
{[%clk 00:05:33]} {[%emt 00:00:16]} Kf7 {[%clk 00:09:24]} {[%emt 00:00:08]} 43.
b5 {[%clk 00:05:31]} {[%emt 00:00:07]} Kf6 {[%clk 00:09:20]} {[%emt 00:00:09]}
44. Kxa7 {[%clk 00:05:31]} {[%emt 00:00:05]} Kg5 {[%clk 00:09:20]} {[%emt
00:00:05]} *

[Event "DVM U10 2023"]
[Site "Magdeburg GER"]
[Date "2023.12.28"]
[Round "4"]
[White "Bashirova, Sona"]
[Black "Varazi, Maxime"]
[Result "0-1"]
[Termination "normal"]
[Board "7.2"]
[WhiteElo "1317"]
[BlackElo "1127"]
[WhiteClock "00:00:00"]
[BlackClock "00:32:05"]
[WhiteTeam "SV Empor Berlin"]
[BlackTeam "TSG Oberschöneweide"]
[PlyCount "103"]
[WhiteFideId "34664033"]
[BlackFideId "34618929"]
[EventCountry "GER"]
[EventRounds "7"]
[EventType "team-swiss"]
[EventDate "2023.12.27"]

1. e4 {[%clk 00:55:09]} e5 {[%clk 00:54:47]} {[%emt 00:00:24]} 2. Nc3 {[%clk
00:55:08]} {[%emt 00:00:06]} Nf6 {[%clk 00:54:45]} {[%emt 00:00:06]} 3. f4
{[%clk 00:55:04]} {[%emt 00:00:09]} d6 {[%clk 00:54:36]} {[%emt 00:00:14]} 4.
Bc4 {[%clk 00:54:39]} {[%emt 00:00:30]} Be7 {[%clk 00:54:33]} {[%emt 00:00:09]}
5. Nf3 {[%clk 00:54:12]} {[%emt 00:00:31]} exf4 {[%clk 00:54:11]} {[%emt
00:00:27]} 6. d4 {[%emt 00:00:11]} c6 {[%clk 00:54:02]} {[%emt 00:00:12]} 7.
Bb3 {[%clk 00:52:39]} {[%emt 00:01:34]} d5 {[%clk 00:53:51]} {[%emt 00:00:16]}
8. e5 {[%clk 00:51:42]} {[%emt 00:01:02]} Ng4 {[%clk 00:53:15]} {[%emt
00:00:41]} 9. O-O {[%clk 00:50:29]} {[%emt 00:01:17]} Bh4 {[%clk 00:51:25]}
{[%emt 00:01:56]} 10. h3 {[%clk 00:45:26]} {[%emt 00:05:08]} Ne3 {[%clk
00:50:23]} {[%emt 00:01:06]} 11. Bxe3 {[%clk 00:45:19]} {[%emt 00:00:12]} fxe3
{[%clk 00:50:24]} {[%emt 00:00:04]} 12. Nxh4 {[%clk 00:40:33]} {[%emt
00:04:51]} Qxh4 {[%clk 00:50:21]} {[%emt 00:00:09]} 13. Qf3 {[%clk 00:40:29]}
{[%emt 00:00:07]} Be6 {[%clk 00:49:50]} {[%emt 00:00:38]} 14. Qxe3 {[%clk
00:39:30]} {[%emt 00:01:03]} O-O {[%clk 00:49:20]} {[%emt 00:00:37]} 15. Rf4
{[%clk 00:38:10]} {[%emt 00:01:20]} Qg5 {[%clk 00:49:16]} {[%emt 00:00:13]} 16.
Raf1 {[%clk 00:37:55]} {[%emt 00:00:20]} Nd7 {[%clk 00:47:10]} {[%emt
00:02:11]} 17. Qd3 {[%clk 00:35:17]} {[%emt 00:02:35]} a5 {[%clk 00:46:23]}
{[%emt 00:01:01]} 18. a4 {[%clk 00:34:45]} {[%emt 00:00:37]} c5 {[%clk
00:46:07]} {[%emt 00:00:21]} 19. Nxd5 {[%clk 00:33:57]} {[%emt 00:00:52]} Rac8
{[%clk 00:44:46]} {[%emt 00:01:26]} 20. c4 {[%clk 00:29:25]} {[%emt 00:04:29]}
Bxd5 {[%clk 00:42:08]} {[%emt 00:02:51]} 21. cxd5 {[%clk 00:29:09]} {[%emt
00:00:21]} Nb6 {[%clk 00:42:00]} {[%emt 00:00:13]} 22. Bc2 {[%clk 00:26:57]}
{[%emt 00:02:12]} g6 {[%clk 00:41:34]} {[%emt 00:00:36]} 23. R1f3 {[%clk
00:21:12]} {[%emt 00:05:50]} cxd4 {[%clk 00:41:03]} {[%emt 00:00:36]} 24. Rg4
{[%clk 00:19:59]} {[%emt 00:01:16]} Qc1+ {[%clk 00:40:43]} {[%emt 00:00:27]}
25. Kh2 {[%clk 00:18:32]} {[%emt 00:01:31]} Rxc2 {[%clk 00:40:21]} {[%emt
00:00:28]} 26. Qxd4 {[%clk 00:17:49]} {[%emt 00:00:47]} Qxb2 {[%clk 00:40:13]}
{[%emt 00:00:14]} 27. d6 {[%clk 00:16:32]} {[%emt 00:01:22]} Rxg2+ {[%clk
00:39:54]} {[%emt 00:00:24]} 28. Kh1 {[%clk 00:15:59]} {[%emt 00:00:38]} Rc8
{[%clk 00:39:28]} {[%emt 00:00:31]} 29. Rf1 {[%clk 00:08:21]} {[%emt 00:07:39]}
Rh2+ {[%clk 00:37:54]} {[%emt 00:01:42]} 30. Kg1 {[%clk 00:08:18]} {[%emt
00:00:08]} Qxd4+ {[%clk 00:37:48]} {[%emt 00:00:12]} 31. Rxd4 {[%clk 00:08:08]}
{[%emt 00:00:15]} Rxh3 {[%clk 00:37:49]} {[%emt 00:00:04]} 32. Re1 {[%clk
00:06:38]} {[%emt 00:01:34]} Rd8 {[%clk 00:37:10]} {[%emt 00:00:45]} 33. e6
{[%emt 00:00:35]} fxe6 {[%clk 00:36:57]} {[%emt 00:00:16]} 34. Rxe6 {[%clk
00:06:08]} {[%emt 00:00:07]} Nd7 {[%clk 00:35:51]} {[%emt 00:01:11]} 35. Kg2
{[%clk 00:05:26]} {[%emt 00:00:47]} Ra3 {[%clk 00:35:47]} {[%emt 00:00:10]} 36.
Re7 {[%clk 00:04:18]} {[%emt 00:01:12]} Rc8 {[%clk 00:35:04]} {[%emt 00:00:48]}
37. Rd2 {[%clk 00:03:27]} {[%emt 00:00:54]} Rd8 {[%clk 00:34:40]} {[%emt
00:00:31]} 38. Rd4 {[%clk 00:03:18]} {[%emt 00:00:14]} b6 {[%clk 00:34:26]}
{[%emt 00:00:19]} 39. Rc4 {[%clk 00:02:54]} {[%emt 00:00:28]} Nf6 {[%clk
00:34:09]} {[%emt 00:00:23]} 40. Rc6 {[%clk 00:01:25]} {[%emt 00:01:35]} Rd3
{[%clk 00:33:50]} {[%emt 00:00:23]} 41. Re6 {[%clk 00:01:22]} {[%emt 00:00:06]}
Nh5 {[%clk 00:33:38]} {[%emt 00:00:18]} 42. Kf2 {[%clk 00:00:59]} {[%emt
00:00:28]} Nf4 {[%clk 00:33:12]} {[%emt 00:00:31]} 43. Rf6 {[%clk 00:00:56]}
{[%emt 00:00:09]} Nd5 {[%clk 00:33:11]} {[%emt 00:00:05]} 44. Re6 {[%clk
00:00:51]} {[%emt 00:00:11]} Rf8+ {[%clk 00:32:48]} {[%emt 00:00:28]} 45. Kg1
{[%clk 00:00:27]} {[%emt 00:00:28]} Rd1+ {[%clk 00:32:43]} {[%emt 00:00:11]}
46. Kg2 {[%clk 00:00:27]} {[%emt 00:00:05]} Nf4+ {[%clk 00:32:40]} {[%emt
00:00:08]} 47. Kg3 {[%clk 00:00:27]} {[%emt 00:00:05]} Nxe6 {[%clk 00:32:41]}
{[%emt 00:00:04]} 48. Rxb6 {[%clk 00:00:07]} {[%emt 00:00:24]} Rd8 {[%clk
00:32:34]} {[%emt 00:00:13]} 49. Ra6 {[%clk 00:00:06]} {[%emt 00:00:06]} R1xd6
{[%clk 00:32:31]} {[%emt 00:00:09]} 50. Rxa5 {[%clk 00:00:09]} {[%emt
00:00:02]} Rd3+ {[%emt 00:00:09]} 51. Kf2 {[%clk 00:00:10]} {[%emt 00:00:01]}
Nf4 {[%clk 00:32:05]} {[%emt 00:00:28]} 52. Kg1 {[%clk 00:00:00]} {[%emt
00:00:11]} 0-1

[Event "DVM U10 2023"]
[Site "Magdeburg GER"]
[Date "2023.12.28"]
[Round "4"]
[White "Hantke, Florian"]
[Black "Köhler, Valentin"]
[Result "1-0"]
[Termination "normal"]
[Board "7.3"]
[WhiteElo "1095"]
[BlackElo "1135"]
[WhiteClock "00:46:35"]
[BlackClock "00:47:33"]
[WhiteTeam "TSG Oberschöneweide"]
[BlackTeam "SV Empor Berlin"]
[PlyCount "33"]
[WhiteFideId "34638962"]
[EventCountry "GER"]
[EventRounds "7"]
[EventType "team-swiss"]
[EventDate "2023.12.27"]

1. e4 {[%clk 00:55:04]} {[%emt 00:00:06]} e5 {[%clk 00:55:00]} {[%emt
00:00:11]} 2. Nf3 {[%clk 00:55:00]} {[%emt 00:00:08]} Nc6 {[%clk 00:54:53]}
{[%emt 00:00:12]} 3. Bc4 {[%clk 00:54:59]} {[%emt 00:00:06]} Nf6 {[%clk
00:54:32]} {[%emt 00:00:26]} 4. d3 {[%clk 00:54:54]} {[%emt 00:00:10]} Be7
{[%clk 00:54:11]} {[%emt 00:00:26]} 5. Nc3 {[%clk 00:54:52]} {[%emt 00:00:07]}
d6 {[%clk 00:54:09]} {[%emt 00:00:08]} 6. Bg5 {[%clk 00:54:29]} {[%emt
00:00:28]} Bg4 {[%clk 00:54:04]} {[%emt 00:00:09]} 7. h3 {[%clk 00:54:29]}
{[%emt 00:00:06]} Bh5 {[%clk 00:53:54]} {[%emt 00:00:15]} 8. g4 {[%clk
00:54:28]} {[%emt 00:00:06]} Bg6 {[%clk 00:53:17]} {[%emt 00:00:42]} 9. Qd2
{[%clk 00:54:21]} {[%emt 00:00:12]} h5 {[%clk 00:52:19]} {[%emt 00:01:02]} 10.
O-O-O {[%clk 00:53:30]} {[%emt 00:00:56]} Qd7 {[%clk 00:51:50]} {[%emt
00:00:35]} 11. Bxf6 {[%emt 00:01:26]} Bxf6 {[%clk 00:51:28]} {[%emt 00:00:24]}
12. g5 {[%clk 00:51:59]} {[%emt 00:00:18]} Be7 {[%clk 00:50:58]} {[%emt
00:00:34]} 13. Nh4 {[%clk 00:51:27]} {[%emt 00:00:37]} Bh7 {[%clk 00:50:32]}
{[%emt 00:00:30]} 14. f4 {[%clk 00:48:32]} {[%emt 00:03:02]} O-O-O {[%clk
00:49:34]} {[%emt 00:01:03]} 15. f5 {[%clk 00:47:40]} {[%emt 00:00:57]} Rdf8
{[%clk 00:47:55]} {[%emt 00:01:43]} 16. g6 {[%clk 00:46:38]} {[%emt 00:01:07]}
fxg6 {[%clk 00:47:33]} {[%emt 00:00:27]} 17. Be6 {[%clk 00:46:35]} {[%emt
00:00:09]} 1-0

[Event "DVM U10 2023"]
[Site "Magdeburg GER"]
[Date "2023.12.28"]
[Round "4"]
[White "Schmidt, Jakob"]
[Black "Tschötsch, Hugo"]
[Result "1-0"]
[Termination "normal"]
[Board "7.4"]
[WhiteElo "938"]
[BlackElo "967"]
[WhiteClock "00:41:41"]
[BlackClock "00:47:17"]
[WhiteTeam "SV Empor Berlin"]
[BlackTeam "TSG Oberschöneweide"]
[PlyCount "41"]
[EventCountry "GER"]
[EventRounds "7"]
[EventType "team-swiss"]
[EventDate "2023.12.27"]

1. e4 {[%clk 00:55:07]} {[%emt 00:00:01]} c5 {[%clk 00:54:59]} {[%emt
00:00:12]} 2. d4 {[%clk 00:55:04]} {[%emt 00:00:08]} cxd4 {[%clk 00:54:55]}
{[%emt 00:00:09]} 3. c3 {[%clk 00:55:03]} {[%emt 00:00:06]} e5 {[%clk
00:54:35]} {[%emt 00:00:25]} 4. Nf3 {[%clk 00:54:53]} {[%emt 00:00:16]} Nc6
{[%clk 00:54:25]} {[%emt 00:00:14]} 5. Bc4 {[%clk 00:54:43]} {[%emt 00:00:15]}
Nf6 {[%clk 00:54:04]} {[%emt 00:00:26]} 6. O-O {[%clk 00:54:36]} {[%emt
00:00:13]} Nxe4 {[%clk 00:53:48]} {[%emt 00:00:20]} 7. Qc2 {[%clk 00:53:25]}
{[%emt 00:01:15]} d5 {[%clk 00:53:40]} {[%emt 00:00:14]} 8. Bd3 {[%clk
00:52:24]} {[%emt 00:01:04]} Nf6 {[%clk 00:53:33]} {[%emt 00:00:13]} 9. Re1
{[%clk 00:51:35]} {[%emt 00:00:54]} e4 {[%clk 00:53:28]} {[%emt 00:00:11]} 10.
Nbd2 {[%clk 00:51:19]} {[%emt 00:01:20]} Be7 {[%clk 00:53:26]} {[%emt
00:00:11]} 11. Bb5 {[%clk 00:51:02]} {[%emt 00:00:22]} exf3 {[%clk 00:53:03]}
{[%emt 00:00:27]} 12. Nxf3 {[%clk 00:50:57]} {[%emt 00:00:11]} O-O {[%clk
00:52:15]} {[%emt 00:00:53]} 13. Qe2 {[%clk 00:49:13]} {[%emt 00:01:49]} Re8
{[%clk 00:51:45]} {[%emt 00:00:34]} 14. Qd2 {[%clk 00:47:38]} {[%emt 00:01:41]}
Ne4 {[%clk 00:51:09]} {[%emt 00:00:41]} 15. Qd3 {[%clk 00:46:11]} {[%emt
00:01:32]} dxc3 {[%emt 00:01:55]} 16. bxc3 {[%emt 00:00:09]} Bf6 {[%emt
00:00:29]} 17. Bb2 {[%clk 00:43:21]} {[%emt 00:01:10]} a6 {[%clk 00:48:49]}
{[%emt 00:01:42]} 18. Bxc6 {[%clk 00:43:13]} {[%emt 00:00:13]} bxc6 {[%clk
00:48:40]} {[%emt 00:00:12]} 19. Qe3 {[%clk 00:41:57]} {[%emt 00:01:22]} Bg5
{[%clk 00:47:29]} {[%emt 00:01:15]} 20. Nxg5 {[%clk 00:41:55]} {[%emt
00:00:06]} Nxg5 {[%clk 00:47:17]} {[%emt 00:00:19]} 21. Qxe8+ {[%clk 00:41:41]}
{[%emt 00:00:20]} 1-0